|
|
|
|
| LEADER |
00000nam0a2200000 4500 |
| 001 |
364428 |
| 005 |
20231102011704.0 |
| 035 |
|
|
|a (RuTPU)RU\TPU\retro\21786
|
| 090 |
|
|
|a 364428
|
| 100 |
|
|
|a 20211116d1981 km y0rusy50 ca
|
| 101 |
0 |
|
|a rus
|
| 102 |
|
|
|a UA
|
| 105 |
|
|
|a a z 001zy
|
| 200 |
1 |
|
|a Вопросы теории и практики формационных исследований нижнего докембрия
|f Львовский государственный университет ; отв. ред. Е. М. Лазько
|
| 210 |
|
|
|a Львов
|c Вища школа
|d 1981
|
| 215 |
|
|
|a 11 с.
|c ил.
|
| 225 |
1 |
|
|a Вестник Львовского университета. Серия геологическая
|v Вып. 7
|
| 320 |
|
|
|a Библиография в конце статей
|
| 606 |
1 |
|
|a Докембрий
|2 stltpush
|3 (RuTPU)RU\TPU\subj\67322
|9 83166
|
| 610 |
1 |
|
|a платформы
|
| 610 |
1 |
|
|a фундамент
|
| 610 |
1 |
|
|a кристаллические образования
|
| 610 |
1 |
|
|a формационные исследования
|
| 610 |
1 |
|
|a метаморфические ассоциации
|
| 610 |
1 |
|
|a плутонические ассоциации
|
| 610 |
1 |
|
|a плутонометаморфические ассоциации
|
| 610 |
1 |
|
|a породные парагенезисы
|
| 610 |
1 |
|
|a формационный анализ
|
| 610 |
1 |
|
|a формационные карты
|
| 675 |
|
|
|a 551.71/.72
|v 4
|
| 702 |
|
1 |
|a Лазько
|b Е. М.
|4 340
|
| 712 |
0 |
2 |
|a Львовский государственный университет
|2 stltpush
|3 (RuTPU)RU\TPU\col\12540
|9 25444
|
| 801 |
|
1 |
|a RU
|b 63413507
|c 20211116
|
| 942 |
|
|
|c BK
|